[Event "Oebro CXU International 2024"]
[Site "Copenhagen"]
[Date "2024.07.23"]
[Round "2.2"]
[White "Sengupta, Deep"]
[Black "Thogersen, Rasmus"]
[Result "1-0"]
[WhiteElo "2491"]
[BlackElo "2309"]
[WhiteFideId "5008352"]
[BlackFideId "1431412"]
[EventDate "2024.07.22"]
[EventType "swiss"]
[EventRounds "9"]
[EventCountry "DEN"]
[SourceTitle "Live v. Obro Skakforening"]

1. e4   c5  2. c3   e5  3. Nf3   Nc6  4. Bc4   Nf6  5. d3   Be7  6. O-O   O-O  7. Re1   d6  8. a4   Be6  9. Bxe6   fxe6  10. a5  10... d5  11. a6   b5  12. Bg5   Qc7  13. Nbd2   Rab8  14. Bh4   Bd6  15. Bg3   c4  16. d4   Rbe8  17. exd5   exd5  18. dxe5   Nxe5  19. Nxe5   Bxe5  20. Rxe5  20... Rxe5  21. Nf3   Rfe8  22. Nxe5   Rxe5  23. Qd4   Qa5  24. Qd1   Qc7  25. Bxe5   Qxe5  26. Qe1   Qd6  27. Qe3  1-0

[Event "Oebro CXU International 2024"]
[Site "Copenhagen"]
[Date "2024.07.23"]
[Round "2.3"]
[White "Rakhmangulova, Anastasiya"]
[Black "Solodovnichenko, Yuri"]
[Result "0-1"]
[WhiteElo "2295"]
[BlackElo "2481"]
[WhiteFideId "14117479"]
[BlackFideId "14104369"]
[EventDate "2024.07.22"]
[EventType "swiss"]
[EventRounds "9"]
[EventCountry "DEN"]
[SourceTitle "Live v. Obro Skakforening"]

1. e4   c5  2. d4   cxd4  3. c3   dxc3  4. Nxc3   Nc6  5. Nf3   e6  6. Bc4   a6  7. O-O   b5  8. Bb3   Bb7  9. Bf4   d6  10. Qe2  10... Nge7  11. Rfd1   Ng6  12. Bg3   Na5  13. h4   h5  14. Bc2   Be7  15. e5   Nxh4  16. Bxh4   Bxf3  17. Qxf3   Bxh4  18. Rxd6   Qc8  19. Rxe6+   fxe6  20. Bg6+  20... Kd8  21. Qf7   Bxf2+  22. Qxf2   Kc7  23. Qc5+   Kb8  24. Qb6+   Nb7  25. Be4   Ra7  26. Kh1   Qd8  27. Qxe6   Nc5  28. Qc6   Qc7  29. Rd1   Qxc6  30. Bxc6  30... Re7  31. b4   Rxe5  32. Rd6   Rh6  33. bxc5   Rxc5  0-1

[Event "Oebro CXU International 2024"]
[Site "Copenhagen"]
[Date "2024.07.23"]
[Round "2.4"]
[White "Rozentalis, Eduardas"]
[Black "Hansen, Soren Bech"]
[Result "1-0"]
[WhiteElo "2480"]
[BlackElo "2252"]
[WhiteFideId "12800023"]
[BlackFideId "1400681"]
[EventDate "2024.07.22"]
[EventType "swiss"]
[EventRounds "9"]
[EventCountry "DEN"]
[SourceTitle "Live v. Obro Skakforening"]

1. e4   c5  2. Nf3   Nc6  3. Bb5   d6  4. d4   cxd4  5. Qxd4   Qd7  6. Qe3   g6  7. O-O   Bg7  8. Rd1   a6  9. Bf1   Nf6  10. h3  10... Qc7  11. Nc3   O-O  12. Qe2   Be6  13. Bg5   Rfe8  14. Nd5   Bxd5  15. exd5   Nb8  16. c4   Nbd7  17. Rac1   e6  18. dxe6   Rxe6  19. Qc2   Ne4  20. Be3  20... Rae8  21. Nd4   R6e7  22. Ne2   Ndf6  23. b4   Rc8  24. Bd4   a5  25. a3   axb4  26. axb4   d5  27. c5   Rce8  28. b5   Rc8  29. Qb2   Re6  30. Qb3  30... h5  31. Rc2   g5  32. Rdc1   h4  33. c6   b6  34. Qe3   Rb8  35. f3   Nd6  36. Qxg5   Nxb5  37. Bb2   d4  38. Nxd4   Nxd4  39. Bxd4   Ne8  40. Bc4  40... Re7  41. Bf2   b5  42. Bb3   Re5  43. Qxh4   Bf6  44. Qg4+   Rg5  45. Qd7   Rg7  46. Re1   Qc8  47. c7   Ra8  48. Rxe8+   Qxe8  49. c8=Q  1-0

[Event "Oebro CXU International 2024"]
[Site "Copenhagen"]
[Date "2024.07.23"]
[Round "2.5"]
[White "Johansson, Thomas"]
[Black "Colbow, Collin"]
[Result "1/2-1/2"]
[WhiteElo "2172"]
[BlackElo "2413"]
[BlackFideId "16201132"]
[EventDate "2024.07.22"]
[EventType "swiss"]
[EventRounds "9"]
[EventCountry "DEN"]
[SourceTitle "Live v. Obro Skakforening"]

1. e4   c5  2. c3   Nf6  3. e5   Nd5  4. Nf3   e6  5. d4   cxd4  6. cxd4   d6  7. Bc4   Be7  8. O-O   O-O  9. Bd2   Nc6  10. Nc3  10... dxe5  11. dxe5   Nb6  12. Bb3   Bd7  13. Qe2   Na5  14. Bc2   Nac4  15. Qe4   g6  16. Bh6   Bc6  17. Qf4   Bxf3  18. gxf3   Nxb2  19. Bb3   Re8  20. Nb5  20... Nd3  21. Qe3   Bc5  22. Qe4   Nb4  23. Rac1   Qe7  24. Rxc5   Qxc5  25. Nd6   N6d5  26. Rc1   Qa5  27. Bd2   Qb6  28. Rb1   f5  29. Qh4   Nc6  30. Bh6  30... Nxe5  31. Bxd5   Qxb1+  32. Kg2   Nf7  33. Qf6   Nxh6  34. Bxe6+   Rxe6  35. Qxe6+   Kh8  36. Qf6+   Kg8  37. Qe6+   Kh8  38. Qf6+   Kg8  39. Qe6+  1/2-1/2

[Event "Oebro CXU International 2024"]
[Site "Copenhagen"]
[Date "2024.07.23"]
[Round "2.6"]
[White "Hector, Jonny"]
[Black "Jacobsen, Mikkel Manosri"]
[Result "1/2-1/2"]
[WhiteElo "2410"]
[BlackElo "2242"]
[WhiteFideId "1700090"]
[BlackFideId "1444514"]
[EventDate "2024.07.22"]
[EventType "swiss"]
[EventRounds "9"]
[EventCountry "DEN"]
[SourceTitle "Live v. Obro Skakforening"]

1. e4   c6  2. Nc3   d5  3. Nf3   Bg4  4. h3   Bxf3  5. Qxf3   e6  6. g3   Nd7  7. Bg2   d4  8. Ne2   Ne5  9. Qb3   a5  10. a4  10... Bb4  11. f4   Ng6  12. c3   d3  13. cxb4   axb4  14. Qxb4   dxe2  15. Kxe2   N8e7  16. Qxb7   O-O  17. Ra3   Qd4  18. Qb3   c5  19. Qc3   Qd7  20. d3  20... Nc6  21. Be3   Nd4+  22. Kf2   Rfb8  23. Rha1   e5  24. f5   Ne7  25. g4   Nec6  26. Bf1   Rb4  27. Kg3   Ra5  28. Bd2   Qb7  29. Qc1   Ra8  30. Bc3  30... Nb3  31. Qd1   Nxa1  32. Bxb4   Qxb4  33. Rxa1   Qxb2  34. g5   Qd4  35. Kg2   Rb8  36. Ra2   c4  37. a5   Nb4  38. Qb1   c3  39. a6   Ra8  40. Ra4  40... c2  41. Qc1   g6  42. f6   h6  43. h4   hxg5  44. hxg5   Rc8  45. a7   Ra8  46. Qd2   Qc5  47. Rxb4   c1=Q  48. Rb8+   Kh7  49. Qxc1   Qxc1  50. Rxa8  50... Qxg5+  51. Kh2   Qxf6  52. Kg2   Qa6  53. Re8   Qxa7  54. Rxe5   Qa2+  55. Kg1   Qd2  56. Rd5   Qe3+  57. Kg2   Kg7  58. Rb5   Kh6  59. Rb7   f5  60. exf5  60... gxf5  61. Rb2   f4  62. Be2   Qg3+  63. Kf1   f3  64. Bd1   Qh3+  65. Kg1   Qg4+  66. Kf1   Qd4  67. Rh2+   Kg5  68. Bxf3   Qxd3+  69. Kg2   Qd2+  70. Kg3  70... Qxh2+  71. Kxh2  1/2-1/2

[Event "Oebro CXU International 2024"]
[Site "Copenhagen"]
[Date "2024.07.23"]
[Round "2.7"]
[White "Thuesen, Mogens Henrik"]
[Black "Haubro, Martin"]
[Result "0-1"]
[WhiteElo "2095"]
[BlackElo "2400"]
[BlackFideId "1414291"]
[EventDate "2024.07.22"]
[EventType "swiss"]
[EventRounds "9"]
[EventCountry "DEN"]
[SourceTitle "Live v. Obro Skakforening"]

1. d4   Nf6  2. c4   e6  3. Nf3   d5  4. Nc3   c6  5. Bg5   h6  6. Bh4   dxc4  7. e4   g5  8. Bg3   b5  9. Be2   Bb7  10. h4  10... g4  11. Ne5   Bg7  12. Bxg4   O-O  13. Bf3   Qb6  14. Qd2   Na6  15. Bf4   Kh7  16. g4   Rad8  17. Rd1   c5  18. d5   exd5  19. exd5   Nb4  20. O-O  20... Nfxd5  21. a3   Nxc3  22. Qxc3   Nd3  23. Bxb7   Qxb7  24. Rxd3   Rxd3  25. Qc2   Bxe5  26. Bxe5   Qe4  0-1

[Event "Oebro CXU International 2024"]
[Site "Copenhagen"]
[Date "2024.07.23"]
[Round "2.8"]
[White "Heimisson, Hilmir Freyr"]
[Black "Nord, Alexander"]
[Result "1-0"]
[WhiteElo "2392"]
[BlackElo "2212"]
[WhiteFideId "2309998"]
[BlackFideId "1738135"]
[EventDate "2024.07.22"]
[EventType "swiss"]
[EventRounds "9"]
[EventCountry "DEN"]
[SourceTitle "Live v. Obro Skakforening"]

1. e4   c5  2. Nf3   d6  3. d4   cxd4  4. Nxd4   Nf6  5. Nc3   a6  6. Be2   e5  7. Nb3   Be7  8. Be3   O-O  9. g4   Be6  10. g5  10... Ne8  11. h4   Nc7  12. Qd2   b5  13. f4   exf4  14. Bxf4   Nc6  15. Nd5   Ne5  16. O-O-O   Bxd5  17. exd5   Ng6  18. Bg3   Re8  19. Bg4   Bf8  20. Rhe1  20... Rxe1  21. Rxe1   Ne7  22. Na5   Ncxd5  23. Bf3   Rc8  24. Nb7   Qb6  25. Bxd5   Nxd5  26. Qxd5   Rc7  27. Nxd6   Rd7  28. Kb1   h5  29. Rd1   Qd8  30. g6  1-0

[Event "Oebro CXU International 2024"]
[Site "Copenhagen"]
[Date "2024.07.23"]
[Round "2.9"]
[White "Liu, Casper Yukun"]
[Black "Egresi, Mate"]
[Result "1-0"]
[WhiteElo "2316"]
[BlackElo "2377"]
[BlackFideId "738506"]
[EventDate "2024.07.22"]
[EventType "swiss"]
[EventRounds "9"]
[EventCountry "DEN"]
[SourceTitle "Live v. Obro Skakforening"]

1. Nf3   d5  2. g3   c5  3. Bg2   Nc6  4. d4   Nf6  5. O-O   e6  6. c4   dxc4  7. dxc5   Qxd1  8. Rxd1   Bxc5  9. Nbd2   c3  10. bxc3  10... O-O  11. Nb3   Be7  12. Nfd4   Nxd4  13. cxd4   Nd5  14. Bd2   f5  15. Na5   b6  16. Nc6   Bf6  17. Nb4   Bb7  18. e3   Rfc8  19. a4   Rab8  20. a5  20... Nxb4  21. Bxb4   Bxg2  22. Kxg2   Rc4  23. Rdb1   b5  24. a6   Kf7  25. Ra5   Rc6  26. Bc5   Be7  27. Bxa7   Ra8  28. d5   exd5  29. Bd4   Raxa6  30. Raxb5  30... Bf6  31. Rxd5   Ke6  32. Rbb5   g6  33. Bxf6   Kxf6  34. Rd7   h5  35. Rbb7   Ra2  36. Rf7+   Ke5  37. Rbe7+   Re6  38. Rb7   Rd6  39. Rg7   Rc6  40. Rbe7+  40... Kd5  41. Rg8   Rd6  42. h4   Kc4  43. Kf3   Kd3  44. Rgg7   Kd2  45. Rb7   Rc2  46. Rb1   Ra2  47. Rc7   Kd3  48. Rd1+   Rd2  49. Rdc1   Ra2  50. Rd1+  50... Rd2  51. Rdc1   Ra2  52. R7c6   Rxc6  53. Rxc6   Kd2  54. Rxg6   Ke1  55. Kf4   Rxf2+  56. Ke5   Rf3  57. Rg5   Ke2  58. e4   fxe4  59. Kxe4   Ra3  60. Kf5  60... Kf2  61. Kg6   Kg2  62. Kxh5   Kh3  63. Kh6   Ra6+  64. Rg6   Ra7  65. h5   Rb7  66. Rg7   Rb5  67. g4   Kh4  68. g5   Rb6+  69. g6   Rb5  70. Rh7  70... Kg4  71. Kg7   Kf5  72. Kf7   Rb7+  73. Ke8   Rb8+  74. Ke7   Rb6  75. g7   Rb8  76. h6   Ke5  77. Rh8   Rb7+  78. Kd8   Kd6  79. Kc8   Rc7+  80. Kb8  80... Kd5 1-0

[Event "Oebro CXU International 2024"]
[Site "Copenhagen"]
[Date "2024.07.23"]
[Round "2.10"]
[White "Ramsdal, Jens Albert"]
[Black "Ganta, Joel Paul"]
[Result "1/2-1/2"]
[WhiteElo "2351"]
[BlackElo "2056"]
[WhiteFideId "1429221"]
[BlackFideId "35066145"]
[EventDate "2024.07.22"]
[EventType "swiss"]
[EventRounds "9"]
[EventCountry "DEN"]
[SourceTitle "Live v. Obro Skakforening"]

1. e4   c5  2. Nf3   d6  3. d4   cxd4  4. Nxd4   Nf6  5. Nc3   a6  6. g3   e5  7. Nde2   Be7  8. Bg2   O-O  9. O-O   b6  10. Bg5  10... Nbd7  11. Nd5   Bb7  12. Bxf6   Nxf6  13. Nxf6+   Bxf6  14. Qd3   Qd7  15. Rfd1   Rac8  16. Qb3   b5  17. Nc3   Bd8  18. Rd3   Bb6  19. a4   b4  20. Qxb4  20... Bc5  21. Qa5   f5  22. Rf1   f4  23. b4   Ba7  24. Qxe5   f3  25. Bh1   dxe5  26. Rxd7   Rxc3  27. Rxb7   Bd4  28. b5   axb5  29. Rxb5   g5  30. g4  30... Rf4  31. h3   Rxe4  32. Rfb1   Rf4  33. Rb8+   Kg7  34. R1b7+   Rf7  35. Rxf7+   Kxf7  36. Rb7+   Ke6  37. Rxh7   e4  38. Rh6+   Kf7  39. Rd6   Bc5  40. Rd5  40... Rxc2  41. Bxf3   Bxf2+  42. Kf1   exf3  43. Rxg5   Bd4  44. Rf5+   Kg6  45. Rxf3   Ra2  46. Rf5  1/2-1/2

[Event "Oebro CXU International 2024"]
[Site "Copenhagen"]
[Date "2024.07.23"]
[Round "2.11"]
[White "Jarlskov, Daniel Tuk Hartso"]
[Black "Jaksland, Tim"]
[Result "1/2-1/2"]
[WhiteElo "2030"]
[BlackElo "2074"]
[BlackFideId "1401084"]
[EventDate "2024.07.22"]
[EventType "swiss"]
[EventRounds "9"]
[EventCountry "DEN"]
[SourceTitle "Live v. Obro Skakforening"]

1. d4   Nf6  2. c4   e6  3. Nf3   d5  4. g3   dxc4  5. Bg2   a6  6. O-O   Nc6  7. e3   Rb8  8. Nfd2   e5  9. Nxc4   exd4  10. Bxc6+  10... bxc6  11. Qxd4   Qxd4  12. exd4   Be6  13. Ne5   c5  14. b3   Bd6  15. Ba3   cxd4  16. Bxd6   cxd6  17. Nc6   Rc8  18. Nxd4   Kd7  19. Nd2   Bd5  20. Rfd1  20... g6  21. Nf1   Rhd8  22. Ne3   Be6  23. Rac1   Rxc1  24. Rxc1   Rc8  25. Rxc8   Kxc8  26. Kf1   Kc7  27. f3   Bc8  28. Ke2   Bb7  29. a3   Nd7  30. Ng4  30... Bd5  31. Ne3   Bb7  32. Ng4   Bd5  1/2-1/2

[Event "Oebro CXU International 2024"]
[Site "Copenhagen"]
[Date "2024.07.23"]
[Round "2.12"]
[White "Kistrup, Nicolai"]
[Black "Petersen, Peter Birk"]
[Result "1/2-1/2"]
[WhiteElo "2367"]
[BlackElo "2156"]
[WhiteFideId "1444816"]
[BlackFideId "1401696"]
[EventDate "2024.07.22"]
[EventType "swiss"]
[EventRounds "9"]
[EventCountry "DEN"]
[SourceTitle "Live v. Obro Skakforening"]

1. d4   Nf6  2. c4   e6  3. Nf3   b6  4. g3   Bb7  5. Bg2   Be7  6. O-O   O-O  7. Re1   c5  8. d5   exd5  9. Nh4   Ne4  10. cxd5  10... Bxh4  11. Bxe4   Bf6  12. Nc3   d6  13. Bg2   a6  14. a4   Nd7  15. e4   Qc7  16. f4   Rfe8  17. Be3   Rab8  18. Qd2   g6  19. e5   dxe5  20. f5  20... Bg7  21. Rf1   Rbd8  22. Ne4   f6  23. Rad1   Rf8  24. Bh3   Nb8  25. Nc3   Nc6  26. fxg6   Nd4  27. gxh7+   Kh8  28. Qd3   Qf7  29. Bxd4   cxd4  30. Be6  30... Qe7  31. Ne4   Bxd5  32. Bxd5   Rxd5  33. Rf5   b5  34. Qb3   Qd8  35. Rdf1   d3  36. axb5   axb5  37. Nc3   Qb6+  38. Kg2   Rdd8  39. Qxb5   Qxb5  40. Nxb5  40... Rb8  41. Nd6   Rxb2+  42. R5f2   Rfb8  43. Kf3   Kxh7  44. Rd1   Rxf2+  45. Kxf2   Rb2+  46. Kf3   Rxh2  47. Rxd3   Kg6  48. Ke4   Re2+  49. Kf3   Rh2  50. Ke4  50... Rh3  51. Nf5   Rh1  52. g4   Re1+  53. Re3   Rxe3+  1/2-1/2

[Event "Oebro CXU International 2024"]
[Site "Copenhagen"]
[Date "2024.07.23"]
[Round "2.13"]
[White "Jain, Sachi"]
[Black "Shivakumar, Shawnak"]
[Result "0-1"]
[WhiteElo "2140"]
[BlackElo "2323"]
[WhiteFideId "25974050"]
[BlackFideId "30940192"]
[EventDate "2024.07.22"]
[EventType "swiss"]
[EventRounds "9"]
[EventCountry "DEN"]
[SourceTitle "Live v. Obro Skakforening"]

1. e4   e6  2. d3   d5  3. Nd2   Nf6  4. Ngf3   Nc6  5. g3   dxe4  6. dxe4   Bc5  7. Bg2   e5  8. O-O   a5  9. c3   Qd3  10. Qa4  10... b5  11. Qd1   O-O  12. Nb3   Qxd1  13. Rxd1   Bb6  14. Be3   Bxe3  15. fxe3   Bg4  16. Nc5   Rfd8  17. h3   Bxf3  18. Bxf3   Kf8  19. Be2   b4  20. Rac1  20... Ke7  21. Bb5   Rxd1+  22. Rxd1   Na7  23. Ba4   bxc3  24. bxc3   Nc8  25. Bc6   Rb8  26. Nd3   Na7  27. Bd5   Nd7  28. Rd2   f6  29. Nb2   Nc5  30. Nd3  30... Nxd3  31. Rxd3   Rd8  32. Kf2   c6  33. Bc4   Nb5  34. Bxb5   cxb5  35. Rxd8   Kxd8  36. Ke2   Kc7  37. Kd3 Kc6  38. Kc2   Kc5 39. Kb3   g6  40. g4  40... g5  41. Kc2   Kc4  42. Kd2   b4  43. cxb4   axb4  44. Kc2   Kc5  45. Kb2   Kb6  46. Kc2   Ka5  47. Kb3   Kb5  48. Kc2   Ka4  49. Kd3   Ka3  50. Kc4  50... Kxa2  51. Kxb4   Kb2  52. Kc4   Kc2  53. Kd5   Kd3  54. Ke6   Kxe3  55. Kxf6   Kf4  56. Kg7   Kxe4  57. Kxh7   Kf4  58. Kg6   e4  59. Kf6   e3  60. h4 gxh4  61. g5   e2  62. g6   e1=Q  63. g7   Qa1+  64. Kf7   Qxg7+  0-1

[Event "Oebro CXU International 2024"]
[Site "Copenhagen"]
[Date "2024.07.23"]
[Round "2.14"]
[White "Gomez Aguirre, Juan Alberto"]
[Black "Andersen, Morten"]
[Result "1-0"]
[WhiteElo "2322"]
[BlackElo "2176"]
[WhiteFideId "54587867"]
[EventDate "2024.07.22"]
[EventType "swiss"]
[EventRounds "9"]
[EventCountry "DEN"]
[SourceTitle "Live v. Obro Skakforening"]

1. e4   c5  2. Nf3   Nc6  3. Nc3   Nd4  4. Bc4   g6  5. Nxd4   cxd4  6. Ne2   Bg7  7. c3   dxc3  8. bxc3   Nf6  9. e5   Ng4  10. d4  10... d5  11. Bb3   h5  12. Qd3   O-O  13. Nf4   Bf5  14. Qe2   e6  15. h3   Nh6  16. Be3   Rc8  17. Qd2   h4  18. Ne2   Kh7  19. Bg5   Qd7  20. Bxh4  20... Qb5  21. Nf4   Rc7  22. f3   Rfc8  23. Rc1   Bf8  24. g4   Rxc3  25. Rxc3   Rxc3  26. Kf2   Bb4  27. Qd1   Bd3  28. Bg5   Qb6  29. Nxd3   Qxd4+  30. Ke2  30... Rxd3  31. Qxd3   Qxe5+  32. Be3   Ng8  33. Qd4   Qd6  34. h4   Ne7  35. h5   e5  36. hxg6+   Kg8  37. gxf7+   Kxf7  38. Qd3  1-0

[Event "Oebro CXU International 2024"]
[Site "Copenhagen"]
[Date "2024.07.23"]
[Round "2.15"]
[White "Dalsberg, Sandra de Blecourt"]
[Black "Falkesgaard, Jeppe Hald"]
[Result "0-1"]
[WhiteElo "2035"]
[BlackElo "2321"]
[BlackFideId "1464981"]
[EventDate "2024.07.22"]
[EventType "swiss"]
[EventRounds "9"]
[EventCountry "DEN"]
[SourceTitle "Live v. Obro Skakforening"]

1. d4   Nf6  2. c4   e6  3. Nc3   Bb4  4. e3   O-O  5. Ne2   c6  6. a3   Ba5  7. b4   Bc7  8. Ng3   d5  9. Bb2   Nbd7  10. cxd5  10... exd5  11. Bd3   Re8  12. O-O   Nf8  13. Qd2   h5  14. Rae1   Ng4  15. f4   Qh4  16. h3   Qxg3  17. hxg4   hxg4  18. Qf2   Qxf2+  19. Kxf2   Ng6  20. b5  20... Nh4  21. e4   dxe4  22. Bxe4   Bd7  23. bxc6   bxc6  24. d5   Rab8  25. Bc1   cxd5  26. Nxd5   Bd6  27. Rh1   Nf5  28. Bxf5   Bxf5  29. Rxe8+   Rxe8  30. Rh5  30... Be6  31. Kg3   Rc8  32. Bb2   Rc5  33. Rg5   Rxd5  34. Rxg7+   Kf8  35. Bf6   Bxf4+  0-1

[Event "Oebro CXU International 2024"]
[Site "Copenhagen"]
[Date "2024.07.23"]
[Round "2.16"]
[White "Meskenas, Paulius"]
[Black "Thorsen, Adrian Stenstrop"]
[Result "1/2-1/2"]
[WhiteElo "2168"]
[BlackElo "2226"]
[WhiteFideId "12809969"]
[BlackFideId "1473760"]
[EventDate "2024.07.22"]
[EventType "swiss"]
[EventRounds "9"]
[EventCountry "DEN"]
[SourceTitle "Live v. Obro Skakforening"]

1. e4   e5  2. Nf3   Nc6  3. Bc4   Bc5  4. c3   Nf6  5. d3   O-O  6. b4   Be7  7. Qb3   a5  8. b5   a4  9. Qc2   Na5  10. Qxa4  10... d5  11. exd5   Nxd5  12. Be3   Nxc4  13. Qxc4   Nxe3  14. fxe3   Be6  15. Qe4   Bd5  16. Qg4   f5  17. Qh3   Bxf3  18. Qxf3   Qxd3  19. Qe2   Qd5  20. O-O  20... Bc5  21. Kh1   Rad8  22. a4   Qd3  23. Qa2+   Kh8  24. Na3   Bxe3  25. Qb3   e4  26. Nc4   Bd4  27. Rac1   Bf6  28. Rfe1   f4  29. Red1   Qe2  30. Re1  30... Qd3  31. Red1   Qe2  32. Re1   Qf2  33. Rxe4   f3  34. Rg4   h5  35. Rg6   Rd5  36. Qb1   Rg5  37. Rxg5   Bxg5  38. Rg1   Re8  39. Qf1   Qxf1  40. Rxf1  40... f2  41. g3   Re4  42. Nb2   Bd2  43. Nd1   Be1  44. Nxf2   Bxf2  45. Rxf2   Rxa4  46. Rf5   Rc4  47. Rxh5+   Kg8  48. Rd5   Rxc3  49. Kg2   Kf7  50. b6  1/2-1/2

[Event "Oebro CXU International 2024"]
[Site "Copenhagen"]
[Date "2024.07.23"]
[Round "2.17"]
[White "Jakhari, Ansh"]
[Black "Nielsen, Viktor Haarmark"]
[Result "0-1"]
[WhiteElo "2182"]
[BlackElo "2364"]
[WhiteFideId "1066005"]
[BlackFideId "1444492"]
[EventDate "2024.07.22"]
[EventType "swiss"]
[EventRounds "9"]
[EventCountry "DEN"]
[SourceTitle "Live v. Obro Skakforening"]

1. e4   e5  2. Nf3   Nc6  3. Bc4   Nf6  4. d3   Be7  5. c3   O-O  6. Bb3   d6  7. Nbd2   Na5  8. Bc2   c5  9. Nf1   Nc6  10. Ng3  10... Re8  11. O-O   Bf8  12. h3   g6  13. Re1   Bg7  14. Be3   Bd7  15. a3   a6  16. b4   cxb4  17. cxb4   d5  18. Qd2   Rc8  19. Bb3   Be6  20. Bh6  20... dxe4  21. Bxe6   Rxe6  22. dxe4   Qxd2  23. Bxd2   Rd6  24. Bc3   Rd3  25. Bb2   Ne8  26. Rac1   Rcd8  27. Rc3   Nc7  28. Rec1   Nb5  29. Rxd3   Rxd3  30. a4  30... Nd6  31. Bc3   Bh6  32. Rc2   Rd1+  33. Kh2   Bf4  34. Nd2   h5  35. h4   g5  36. Kh3   Rh1+  37. Nxh1   g4# 0-1

[Event "Oebro CXU International 2024"]
[Site "Copenhagen"]
[Date "2024.07.23"]
[Round "2.18"]
[White "Koduri, Advaitt Srikant"]
[Black "Sriram, Jha"]
[Result "0-1"]
[WhiteElo "2114"]
[BlackElo "2304"]
[WhiteFideId "25185454"]
[BlackFideId "5001668"]
[EventDate "2024.07.22"]
[EventType "swiss"]
[EventRounds "9"]
[EventCountry "DEN"]
[SourceTitle "Live v. Obro Skakforening"]

1. d4   Nf6  2. Nf3   c5  3. c3   Qc7  4. Bg5   cxd4  5. cxd4   Ne4  6. Bh4   Nc6  7. e3   Qa5+  8. Nbd2   g5  9. Bg3   g4  10. Ne5  10... Nxg3  11. Nxc6   Qh5  12. hxg3   Qxh1  13. Nxa7   Bg7  14. Qxg4   Qh6  15. Nb5   O-O  16. Bd3   d5  17. Qh4   Qxh4  18. gxh4   e6  19. Ke2   Bd7  20. Nc3  20... b5  21. Nb3   b4  22. Nb1   Rfc8  23. N1d2   e5  24. dxe5   Bxe5  25. Nd4   Bf6  26. g3   Re8  27. Kf1   Ra7  28. a3   Bh3+  29. Kg1   Bxd4  30. exd4  30... bxa3  31. bxa3   Rea8  32. Re1   Rxa3  33. Re3   Ra1+  34. Kh2   Bg4  35. Nb3   R1a2  36. Kg1   Rb2  37. Nc5   Ra1+  38. Kg2   Raa2  39. Re5   Rxf2+  40. Kg1  40... Bh3  0-1

[Event "Oebro CXU International 2024"]
[Site "Copenhagen"]
[Date "2024.07.23"]
[Round "2.19"]
[White "Kush, Bhagat"]
[Black "Loftgaard, Mikkel Vinh"]
[Result "1-0"]
[WhiteElo "2188"]
[BlackElo "2246"]
[WhiteFideId "46672940"]
[BlackFideId "1468480"]
[EventDate "2024.07.22"]
[EventType "swiss"]
[EventRounds "9"]
[EventCountry "DEN"]
[SourceTitle "Live v. Obro Skakforening"]

1. e4   c5  2. Nf3   e6  3. b3   Nc6  4. Bb2   d6  5. d4   cxd4  6. Nxd4   Bd7  7. Nb5   Nf6  8. Nxd6+   Bxd6  9. Qxd6   Nxe4  10. Qd3  10... Qa5+  11. Nc3   Nf6  12. O-O-O   O-O  13. Qg3   e5  14. Bc4   Bf5  15. Nd5   Nxd5  16. Rxd5   Qxa2  17. Rxe5   Bg6  18. Qc3   Qxb2+  19. Kxb2   Nxe5  20. Qxe5  20... Rfe8  21. Qf4   Rad8  22. h4   b5  23. Bxb5   Re4  24. Qc7  1-0

[Event "Oebro CXU International 2024"]
[Site "Copenhagen"]
[Date "2024.07.23"]
[Round "2.20"]
[White "Eklund, Joel"]
[Black "Weidenhoefer, Max"]
[Result "0-1"]
[WhiteElo "2240"]
[BlackElo "2186"]
[WhiteFideId "1705288"]
[BlackFideId "16230566"]
[EventDate "2024.07.22"]
[EventType "swiss"]
[EventRounds "9"]
[EventCountry "DEN"]
[SourceTitle "Live v. Obro Skakforening"]

1. c4   e6  2. g3   d5  3. Bg2   Nf6  4. Nf3   Be7  5. O-O   O-O  6. d4   c6  7. b3   Nbd7  8. Bb2   b5  9. c5   Qc7  10. h3  10... Ne4  11. Nbd2   Bf6  12. e3   Nxd2  13. Qxd2   a5  14. e4   dxe4  15. Ng5   Bxg5  16. Qxg5   f6  17. Qh4   f5  18. Qe7   Rf7  19. Qxe6   Nxc5  20. Qe8+  20... Rf8  21. Qe5   Qxe5  22. dxe5   Nd3  23. Bc3   b4  24. Bd4   Rd8  25. Bb6   Re8  26. f4   Be6  27. Rfd1   Ra6  28. Bc7   a4  29. bxa4   Rxa4  30. Rxd3  30... exd3  31. Bxc6   Rxa2  32. Rxa2   Bxa2  33. Bxe8   d2  34. Bh5   b3  35. e6   b2  36. Bf7+   Kh8  0-1